<?xml version="1.0" encoding="UTF-8"?>
<record
    xmlns:xsi="http://www.w3.org/2001/XMLSchema-instance"
    xsi:schemaLocation="http://www.loc.gov/MARC21/slim http://www.loc.gov/standards/marcxml/schema/MARC21slim.xsd"
    xmlns="http://www.loc.gov/MARC21/slim">

  <leader>00472nam a22001817a 4500</leader>
  <controlfield tag="005">20260316152029.0</controlfield>
  <controlfield tag="008">221217b        |||||||| |||| 00| 0 eng d</controlfield>
  <datafield tag="020" ind1=" " ind2=" ">
    <subfield code="a">978-81-8473</subfield>
  </datafield>
  <datafield tag="041" ind1=" " ind2=" ">
    <subfield code="a">eng</subfield>
  </datafield>
  <datafield tag="082" ind1=" " ind2=" ">
    <subfield code="a">615.19 BEA-O</subfield>
  </datafield>
  <datafield tag="100" ind1=" " ind2=" ">
    <subfield code="a">BEALE ,JOHN M , Jr AND BLOCK JHON  H </subfield>
  </datafield>
  <datafield tag="245" ind1=" " ind2=" ">
    <subfield code="a">ORGANIC  CHEMISTRY      [VOL-2]</subfield>
  </datafield>
  <datafield tag="250" ind1=" " ind2=" ">
    <subfield code="a">12th ed . </subfield>
  </datafield>
  <datafield tag="260" ind1=" " ind2=" ">
    <subfield code="a">HARYANA </subfield>
    <subfield code="b">WOLTER'S KLUWER HEALTH </subfield>
  </datafield>
  <datafield tag="300" ind1=" " ind2=" ">
    <subfield code="a">1010;P.</subfield>
  </datafield>
  <datafield tag="650" ind1=" " ind2=" ">
    <subfield code="a">PHARMACY </subfield>
    <subfield code="x">B.PHARMACY</subfield>
  </datafield>
  <datafield tag="942" ind1=" " ind2=" ">
    <subfield code="c">BK</subfield>
  </datafield>
  <datafield tag="999" ind1=" " ind2=" ">
    <subfield code="c">8079</subfield>
    <subfield code="d">8077</subfield>
  </datafield>
  <datafield tag="952" ind1=" " ind2=" ">
    <subfield code="0">0</subfield>
    <subfield code="1">0</subfield>
    <subfield code="4">0</subfield>
    <subfield code="7">0</subfield>
    <subfield code="8">PHARMACY</subfield>
    <subfield code="a">JRU</subfield>
    <subfield code="b">JRU</subfield>
    <subfield code="c">SHELF-18-A</subfield>
    <subfield code="d">2022-10-20</subfield>
    <subfield code="e">LOHIA BOOK INTERNATIONAL </subfield>
    <subfield code="g">2099.00</subfield>
    <subfield code="l">0</subfield>
    <subfield code="o">615.19-BEA-O</subfield>
    <subfield code="p">26989</subfield>
    <subfield code="r">2022-12-17 00:00:00</subfield>
    <subfield code="w">2022-10-20</subfield>
    <subfield code="y">BK</subfield>
  </datafield>
  <datafield tag="952" ind1=" " ind2=" ">
    <subfield code="0">0</subfield>
    <subfield code="1">0</subfield>
    <subfield code="4">0</subfield>
    <subfield code="7">0</subfield>
    <subfield code="8">PHARMACY</subfield>
    <subfield code="a">JRU</subfield>
    <subfield code="b">JRU</subfield>
    <subfield code="c">SHELF-18-A</subfield>
    <subfield code="d">2022-10-20</subfield>
    <subfield code="e">LOHIA BOOK INTERNATIONAL </subfield>
    <subfield code="g">2099.00</subfield>
    <subfield code="l">0</subfield>
    <subfield code="o">615.19-BEA-O</subfield>
    <subfield code="p">26990</subfield>
    <subfield code="r">2022-12-17 00:00:00</subfield>
    <subfield code="w">2022-10-20</subfield>
    <subfield code="y">BK</subfield>
  </datafield>
</record>
